Taylor Swift - Lover - Statistiken

Allgemein
  • Dieses Quiz wurde 412 mal gespielt
  • Das Durchschnittsergebnis liegt bei 12 aus 18
Antwortstatistiken
Nein Track % Korrekt
3 Lover
99%
2 Cruel Summer
85%
5 The Archer
80%
4 The Man
76%
14 You Need To Calm Down
76%
18 Daylight
71%
16 ME!
71%
7 Miss Americana & The Heartbreak Prince
71%
8 Paper Rings
66%
9 Cornelia Street
65%
11 London Boy
64%
1 I Forgot That You Existed
62%
15 Afterglow
59%
12 Soon You'll Get Better
55%
17 It's Nice To Have A Friend
53%
13 False God
52%
10 Death By A Thousand Cuts
50%
6 I Think He Knows
45%
Keine übereinstimmenden Quizze gefunden
Verteilung der Resultate
Anzahl Personen mit jedem Resultat
Perzentil nach korrekt beantworteten Fragen
Ihre Resultats-Entwicklung
Sie haben dieses Quiz noch nicht gespielt